1117 1687 1203 1880 1379 1481 1248 1384 1551 1923 1400 1910 1161 1383 1536 1680 1371 1178 1390 1142 1040 1877 1928 1535 1167 1414 1282 1556 1540 1474 1341 1729 1521 1285 1965 1680 1051 1294 1819 1457 1286 1554 1196 1012 1047 1812 1641 1100 1448 1074 1814 1418 1311 1845 1541 1115 1174 1396 1778 1107 1895 1213 1460 1699 1700 1320 1527 1380 1449 1967 1528 1817 1751 1073 1621 1353 1099 1051 1881 1467 1523 1095 1525 1887 1701 1965 1936 1931 1995 1215 1184 1130 1135 1843 1932 1597 1097 1503 1167 BCNSPRNW ULIB Ver.6.0+V

เปลี่ยนเป็นภาษาไทย

Change to English
 แสดงรายละเอียดบรรณานุกรม
  กลับหน้าหลัก

Brief Record : Get Marc (ISO 2709) : E-mail record : QR code < ปิดหน้าต่าง
LEADER : 00000nam 2200000uu 4500
001    13399111380
003     ULIB
008    110623s||||||||th 000 0 tha d
020    9749201809
020    9789749201800
050  4 BJ1588.T5^bธ239 2547
245 00 ธรรมชาติของสรรพสิ่ง :^bการเข้าถึงความจริงทั้งหมด /^cประเวศ วะสี, บรรณาธิการ ; วิวัฒน์ คติธรรมนิตย์, ผู้ช่วยบรรณาธิการ; คณะนักวิจัย, ประเวศ วะสี ... [และคนอื่นๆ]
250    พิมพ์ครั้งที่ 1
260    กรุงเทพฯ :^bมูลนิธิสำนึกรักบ้านเกิด,^c2547
300    323 หน้า :^bภาพประกอบสี ;^c26 ซม.
536    โครงการนี้ได้รับทุนอุดหนุนการวิจัยจากสำนักงานกองทุนสนับสนุนการวิจัย (สกว.)
650  7 การดำเนินชีวิต
650  7 มนุษย์
650  7 สัจจการแห่งตน
653    Open Your Eyes Project
700 0  ประเวศ วะสี,^d2474-,^eบรรณาธิการ
700 0  วิวัฒน์ คติธรรมนิตย์,^eบรรณาธิการ
700 0  อนุชาติ พวงสำลี
945    ^p0^l0^i016937
945    ^p0^l0^i016936
995    ทศพร
999 ^a ใช้งานได้ทุกระบบ
รายการนี้ยังไม่มีแท็ก
คุณยังไม่ได้ล็อกอิน คุณสามารถมีกิจกรรมร่วมกับเว็บไซต์ได้ แต่ต้องล็อกอินก่อน ::
  ล็อกอิน

รายการสื่อสารสนเทศ

ลำดับที่ ประเภท เลขเรียก/บาร์โค้ด สถานที่ สถานะ
- ไม่พบข้อมูล -

รายการใกล้เคียง
    หัวเรื่อง [การดำเนินชีวิต]
    หัวเรื่อง [มนุษย์]
    หัวเรื่อง [สัจจการแห่งตน]

BibComment


ยังไม่เคยถูกคอมเมนท์

คอมเมนท์ทรัพยากรรายการนี้
  คอมเมนท์: ธรรมชาติของสรรพสิ..


 Copyright 2026. Bcnsprnw @Library